Can you name every player taken in the 2012 NFL Draft? - Statistics

General Stats
  • This quiz has been taken 8 times
  • The average score is 16 of 253
Answer Stats
Round Pick Team College Position Player % Correct
1 1 Indianapolis Colts Stanford QB Andrew Luck
100%
6 203 New York Jets Baylor OG Robert Griffin
100%
1 2 Washington Redskins Baylor QB Robert Griffin III
100%
7 252 St. Louis Rams Abilene Christian RB Daryl Richardson
50%
1 31 Tampa Bay Buccaneers Boise State RB Doug Martin
50%
1 29 Minnesota Vikings Notre Dame FS Harrison Smith
50%
2 42 Miami Dolphins Stanford OT Jonathan Martin
50%
4 121 Houston Texans Michigan State WR Keshawn Martin
50%
1 9 Carolina Panthers Boston College LB Luke Kuechly
50%
6 190 Tennessee Titans Oklahoma State SS Markelle Martin
50%
7 212 Tampa Bay Buccaneers Utah State RB Michael Smith
50%
3 82 Tennessee Titans Michigan DT Mike Martin
50%
1 8 Miami Dolphins Texas A&M QB Ryan Tannehill
50%
1 3 Cleveland Browns Alabama RB Trent Richardson
50%
7 209 St. Louis Rams Hawaii LB Aaron Brown
25%
4 127 New York Giants Cincinnati TE Adrien Robinson
25%
4 99 Houston Texans Georgia OC Ben Jones
25%
3 93 Cincinnati Bengals Clemson DT Brandon Thompson
25%
1 22 Cleveland Browns Oklahoma State QB Brandon Weeden
25%
7 229 Philadelphia Eagles Kansas State RB Bryce Brown
25%
7 237 San Francisco 49ers Virginia DE Cam Johnson
25%
1 21 New England Patriots Syracuse DE Chandler Jones
25%
4 130 Baltimore Ravens South Carolina State SS Christian Thompson
25%
5 162 New Orleans Saints Samford SS Corey White
25%
1 25 New England Patriots Alabama LB Dont'a Hightower
25%
1 11 Kansas City Chiefs Memphis DT Dontari Poe
25%
4 120 Cleveland Browns Nevada LB James Michael-Johnson
25%
4 118 Minnesota Vikings Arkansas WR Jarius Wright
25%
7 244 New York Jets Western Michigan WR Jordan White
25%
3 66 Minnesota Vikings UCF CB Josh Robinson
25%
1 5 Jacksonville Jaguars Oklahoma WR Justin Blackmon
25%
4 119 Washington Redskins Texas LB Keegan Robinson
25%
1 20 Tennessee Titans Baylor WR Kendall Wright
25%
7 234 New Orleans Saints Nebraska OT Marcel Jones
25%
5 166 Cincinnati Bengals California WR Marvin Jones
25%
4 135 Dallas Cowboys Eastern Washington SS Matt Johnson
25%
1 13 Arizona Cardinals Notre Dame WR Michael Floyd
25%
6 176 Jacksonville Jaguars Florida State CB Mike Harris
25%
1 10 Buffalo Bills South Carolina CB Stephon Gilmore
25%
5 145 Tennessee Titans SMU DE Taylor Thompson
25%
6 180 San Francisco 49ers Michigan State FS Trenton Robinson
25%
3 65 St. Louis Rams Montana CB Trumaine Johnson
25%
2 52 Tennessee Titans North Carolina LB Zach Brown
25%
5 141 Washington Redskins Iowa OG Adam Gettis
0%
1 30 San Francisco 49ers Illinois WR A.J. Jenkins
0%
3 89 New Orleans Saints Regina DT Akiem Hicks
0%
4 109 Pittsburgh Steelers Washington DT Alameda Ta'amu
0%
7 224 New England Patriots Nebraska CB Alfonzo Dennard
0%
6 173 Washington Redskins Florida Atlantic RB Alfred Morris
0%
2 45 Chicago Bears South Carolina WR Alshon Jeffery
0%
2 40 Carolina Panthers Midwestern State OG Amini Silatolu
0%
2 38 Jacksonville Jaguars Clemson DE Andre Branch
0%
7 241 Green Bay Packers Florida State OT Andrew Datko
0%
6 179 New Orleans Saints Syracuse OG Andrew Tiller
0%
7 242 New York Jets South Carolina SS Antonio Allen
0%
5 169 Baltimore Ravens Cal Poly CB Asa Jackson
0%
7 210 Minnesota Vikings NC State LB Audie Cole
0%
3 84 Baltimore Ravens Temple RB Bernard Pierce
0%
6 205 Cleveland Browns Ohio State DT Billy Winn
0%
7 243 Green Bay Packers Chattanooga QB B.J. Coleman
0%
6 183 Miami Dolphins Michigan State WR B.J. Cunningham
0%
6 175 Minnesota Vikings Georgia PK Blair Walsh
0%
4 112 Arizona Cardinals Ole Miss OT Bobby Massie
0%
2 47 Seattle Seahawks Utah State LB Bobby Wagner
0%
5 157 Atlanta Falcons Wisconsin FB Bradie Ewing
0%
6 207 Carolina Panthers Wisconsin PT Brad Nortman
0%
7 247 Cleveland Browns Alabama TE Brad Smelley
0%
4 123 Philadelphia Eagles Georgia CB Brandon Boykin
0%
3 76 Houston Texans Miami (OH) OG Brandon Brooks
0%
3 79 Chicago Bears Oregon State FS Brandon Hardin
0%
5 142 Jacksonville Jaguars Marshall LB Brandon Marshall
0%
4 131 New York Giants Auburn OT Brandon Mosley
0%
3 73 San Diego Chargers LSU SS Brandon Taylor
0%
6 200 Philadelphia Eagles Miami (FL) OG Brandon Washington
0%
2 33 St. Louis Rams Appalachian State WR Brian Quick
0%
2 57 Denver Broncos Arizona State QB Brock Osweiler
0%
1 15 Seattle Seahawks West Virginia DE Bruce Irvin
0%
3 70 Jacksonville Jaguars California PT Bryan Anger
0%
7 222 Dallas Cowboys Montana LB Caleb McSurdy
0%
2 62 Green Bay Packers Vanderbilt CB Casey Hayward
0%
7 253 Indianapolis Colts Northern Illinois QB Chandler Harnish
0%
6 192 Atlanta Falcons Mississippi State SS Charles Mitchell
0%
4 96 St. Louis Rams Wake Forest WR Chris Givens
0%
5 148 Detroit Lions Albion CB Chris Greenwood
0%
5 159 Pittsburgh Steelers Florida RB Chris Rainey
0%
6 189 Oakland Raiders Georgia State DT Christo Bilukidi
0%
2 34 Indianapolis Colts Stanford TE Coby Fleener
0%
2 41 Buffalo Bills Georgia OT Cordy Glenn
0%
4 115 Tennessee Titans Clemson CB Coty Sensabaugh
0%
2 35 Baltimore Ravens Alabama LB Courtney Upshaw
0%
6 182 Kansas City Chiefs Texas A&M RB Cyrus Gray
0%
6 191 Cincinnati Bengals Ohio State RB Dan Herron
0%
5 152 Dallas Cowboys Virginia Tech WR Danny Coale
0%
6 188 Denver Broncos Kentucky LB Danny Trevathan
0%
5 165 San Francisco 49ers Notre Dame LB Darius Fleming
0%
1 24 Pittsburgh Steelers Stanford OG David DeCastro
0%
7 226 San Diego Chargers Michigan OC David Molk
0%
7 240 Pittsburgh Steelers Oregon TE David Paulson
0%
1 32 New York Giants Virginia Tech RB David Wilson
0%
7 236 Baltimore Ravens Georgia DT DeAngelo Tyson
0%
3 77 New York Jets Arkansas State LB Demario Davis
0%
5 153 Philadelphia Eagles Purdue OT Dennis Kelly
0%
5 146 Kansas City Chiefs Alabama CB DeQuan Menzie
0%
2 36 Denver Broncos Cincinnati DT Derek Wolfe
0%
3 68 Houston Texans Ohio State WR DeVier Posey
0%
2 53 Cincinnati Bengals Penn State DT Devon Still
0%
4 107 Kansas City Chiefs Fresno State WR Devon Wylie
0%
7 216 Carolina Panthers California SS D.J. Campbell
0%
3 74 Kansas City Chiefs Oklahoma OT Donald Stephenson
0%
7 233 Tampa Bay Buccaneers Norhwestern TE Drake Dunsmore
0%
1 17 Cincinnati Bengals Alabama CB Dre Kirkpatrick
0%
3 64 Indianapolis Colts Clemson TE Dwayne Allen
0%
3 85 Detroit Lions Lousiana-Lafayette CB Dwight Bentley
0%
7 250 San Diego Chargers Michigan State RB Edwin Baker
0%
6 204 Cleveland Browns Texas LB Emmanuel Acho
0%
4 111 Chicago Bears Temple TE Evan Rodriguez
0%
1 12 Philadelphia Eagles Mississippi State DT Fletcher Cox
0%
4 103 Carolina Panthers Oklahoma DE Frank Alexander
0%
5 167 Cincinnati Bengals Boise State SS George Iloka
0%
4 98 Baltimore Ravens Delaware OG Gino Gradkowski
0%
4 134 Minnesota Vikings Arkansas WR Greg Childs
0%
7 220 Chicago Bears TCU CB Greg McCoy
0%
7 232 Seattle Seahawks Louisville DE Greg Scruggs
0%
6 171 St. Louis Rams Missouri Western PK Greg Zuerlein
0%
6 184 Chicago Bears Nevada CB Isaiah Frey
0%
2 50 St. Louis Rams Cincinnati RB Isaiah Pead
0%
5 158 Oakland Raiders Penn State DE Jack Crawford
0%
3 90 New England Patriots Arkansas DE Jake Bequette
0%
3 80 Arizona Cardinals Oklahoma CB Jamell Fleming
0%
6 186 Dallas Cowboys Oklahoma TE James Hanna
0%
2 39 St. Louis Rams North Alabama CB Janoris Jenkins
0%
4 126 Houston Texans Nebraska DE Jared Crick
0%
6 199 San Francisco 49ers Western Oregon OG Jason Slowey
0%
4 114 Seattle Seahawks Florida DT Jaye Howard
0%
3 94 New York Giants Virginia Tech CB Jayron Hosley
0%
2 44 Kansas City Chiefs Illinois OG Jeff Allen
0%
2 51 Green Bay Packers Michigan State DT Jerel Worthy
0%
7 235 New England Patriots Northwestern WR Jeremy Ebert
0%
6 172 Seattle Seahawks Northwestern State CB Jeremy Lane
0%
7 228 Jacksonville Jaguars Ashland DT Jeris Pendleton
0%
7 218 Kansas City Chiefs San Diego State DT Jerome Long
0%
4 133 Green Bay Packers Maine SS Jerron McMillian
0%
4 104 Carolina Panthers Arkansas WR Joe Adams
0%
4 117 San Francisco 49ers Wake Forest OG Joe Looney
0%
3 87 Cleveland Browns Cincinnati DT John Hughes
0%
5 149 San Diego Chargers Penn State OG Johnnie Troutman
0%
7 251 Buffalo Bills Western Michigan PK John Potter
0%
5 164 Atlanta Falcons Troy DE Jonathan Massaquoi
0%
6 196 Detroit Lions New Mexico State CB Jonte Green
0%
7 217 Washington Redskins Iowa CB Jordan Bernstine
0%
6 187 New York Jets Wake Forest FS Josh Bush
0%
5 136 Indianapolis Colts Alabama DT Josh Chapman
0%
5 155 Miami Dolphins Oregon LB Josh Kaddu
0%
3 71 Washington Redskins SMU OG Josh LeRibeus
0%
5 143 Carolina Panthers Coastal Carolina CB Josh Norman
0%
7 225 Seattle Seahawks NC State OG J.R, Sweezy
0%
7 238 Kansas City Chiefs Michigan WR Junior Hemingway
0%
5 168 Oakland Raiders Arizona WR Juron Criner
0%
7 208 Indianapolis Colts Georgia OG Justin Anderson
0%
6 177 Arizona Cardinals Presybeterian FS Justin Bethel
0%
6 174 Tampa Bay Buccaneers West Virginia CB Keith Tandy
0%
2 60 Baltimore Ravens Iowa State OG Kelechi Osemele
0%
7 248 Pittsburgh Steelers SMU OG Kelvin Beachum
0%
2 49 San Diego Chargers Connecticut DT Kendall Reyes
0%
1 27 Cincinnati Bengals Wisconsin OG Kevin Zeitler
0%
7 215 Miami Dolphins Texas DT Kheeston Randall
0%
4 102 Washington Redskins Michigan State QB Kirk Cousins
0%
5 154 Seattle Seahawks Idaho LB Korey Toomer
0%
4 113 Dallas Cowboys Wake Forest LB Kyle Wilber
0%
4 110 San Diego Chargers Louisiana-Lafayette TE Ladarius Green
0%
3 91 Atlanta Falcons Southern Miss OT Lamar Holmes
0%
4 97 Miami Dolphins Miami (FL) RB Lamar Miller
0%
2 61 San Francisco 49ers Oregon RB LaMichael James
0%
6 206 Indianapolis Colts Ohio WR LaVon Brazill
0%
2 58 Tampa Bay Buccaneers Nevada LB Lavonte David
0%
5 137 Denver Broncos Tennessee DE Malik Jackson
0%
6 178 Buffalo Bills Oregon OG Mark Asper
0%
1 7 Tampa Bay Buccaneers Alabama SS Mark Barron
0%
7 239 New York Giants NC State DT Markus Kuhn
0%
6 194 Philadelphia Eagles Iowa WR Marvin McNutt
0%
1 4 Minnesota Vikings USC OT Matt Kalil
0%
6 201 New York Giants UAB OT Matt McCants
0%
1 18 San Diego Chargers South Carolina LB Melvin Ingram
0%
1 14 St. Louis Rams LSU DT Michael Brockers
0%
3 78 Miami Dolphins Missouri TE Michael Egnew
0%
2 56 Pittsburgh Steelers Ohio State OT Mike Adams
0%
4 132 Green Bay Packers Iowa DT Mike Daniels
0%
4 129 Oakland Raiders San Diego State LB Miles Burris
0%
2 37 Cleveland Browns California OT Mitchell Schwartz
0%
3 83 Cincinnati Bengals Rutgers WR Mohamed Sanu
0%
1 6 Dallas Cowboys LSU CB Morris Claiborne
0%
2 46 Philadelphia Eagles California LB Mychal Kendricks
0%
5 140 Tampa Bay Buccaneers West Virginia LB Najee Goode
0%
6 197 New England Patriots Ohio State FS Nate Ebner
0%
7 221 Arizona Cardinals Boise State OT Nate Potter
0%
7 230 Oakland Raiders Penn State LB Nate Stupar
0%
3 88 Philadelphia Eagles Arizona QB Nick Foles
0%
6 195 Houston Texans Purdue OT Nick Mondek
0%
1 28 Green Bay Packers USC LB Nick Perry
0%
4 122 New Orleans Saints Wisconsin WR Nick Toon
0%
4 105 Buffalo Bills Florida State LB Nigel Bradham
0%
3 72 Miami Dolphins Miami (FL) DE Olivier Vernon
0%
4 101 Denver Broncos Arizona State CB Omar Bolden
0%
4 116 Cincinnati Bengals Georgia TE Orson Charles
0%
2 55 Atlanta Falcons Wisconsin OC Peter Konz
0%
4 108 Denver Broncos Baylor OC Philip Blake
0%
1 16 New York Jets North Carolina DE Quinton Coples
0%
5 161 Houston Texans Texas A&M PK Randy Bullock
0%
1 23 Detroit Lions Iowa OT Reilly Reiff
0%
4 128 Minnesota Vikings USC FB Rhett Ellison
0%
7 213 Washington Redskins SMU CB Richard Crawford
0%
7 227 Miami Dolphins Nevada WR Rishard Matthews
0%
5 139 Minnesota Vikings Notre Dame FS Robert Blanton
0%
4 106 Seattle Seahawks Utah State RB Robert Turbin
0%
5 150 St. Louis Rams South Carolina OG Rokevious Watkins
0%
4 124 Buffalo Bills LSU CB Ron Brooks
0%
4 125 Detroit Lions Oklahoma LB Ronnell Lewis
0%
3 67 Denver Broncos San Diego State RB Ronnie Hillman
0%
2 63 New York Giants LSU WR Rueben Randle
0%
3 75 Seattle Seahawks Wisconsin QB Russell Wilson
0%
2 54 Detroit Lions Oklahoma WR Ryan Broyles
0%
6 185 Arizona Cardinals San Diego State QB Ryan Lindley
0%
5 160 Cleveland Browns Colorado OG Ryan Miller
0%
7 211 Tennessee Titans Rice DE Scott Solomon
0%
3 86 Pittsburgh Steelers Miami (FL) LB Sean Spence
0%
5 151 Arizona Cardinals Washington OG Senio Kelemete
0%
5 156 Cincinnati Bengals Iowa CB Shaun Prater
0%
1 19 Chicago Bears Boise State DE Shea McClellin
0%
2 43 New York Jets Georgia Tech WR Stephen Hill
0%
5 138 Detroit Lions Temple LB Tahir Whitehead
0%
5 147 Buffalo Bills TCU LB Tank Carder
0%
2 48 New England Patriots Illinois SS Tavon Wilson
0%
7 246 Pittsburgh Steelers Texas A&M CB Terrance Frederick
0%
6 202 New York Jets Baylor RB Terrance Ganaway
0%
5 163 Green Bay Packers NC State LB Terrell Manning
0%
7 214 Indianapolis Colts Vanderbilt LB Tim Fugger
0%
3 69 Buffalo Bills NC State WR T.J. Graham
0%
6 193 Washington Redkins South Dakota OT Tom Compton
0%
6 198 Baltimore Ravens Miami (FL) WR Tommy Streeter
0%
7 231 Pittsburgh Steelers Colorado WR Toney Clemons
0%
3 95 Oakland Raiders Utah OG Tony Bergstrom
0%
7 249 Atlanta Falcons South Carolina DT Travian Robertson
0%
4 100 Cleveland Browns Miami (FL) WR Travis Benjamin
0%
7 223 Detroit Lions Oklahoma LB Travis Lewis
0%
7 245 Cleveland Browns Arizona CB Trevin Wade
0%
7 219 Minnesota Vikings California DE Trevor Guyton
0%
3 92 Indianapolis Colts FIU WR T.Y. Hilton
0%
3 81 Dallas Cowboys Boise State DE Tyrone Crawford
0%
5 170 Indianapolis Colts Mississippi State RB Vick Ballard
0%
2 59 Philadelphia Eagles Marshall DE Vinny Curry
0%
1 26 Houston Texans Illinois DE Whitney Mercilus
0%
6 181 Seattle Seahawks Kentucky FS Winston Guy
0%
5 144 Buffalo Bills Florida State OT Zebrie Sanders
0%
No matching quizzes found
Score Distribution
Percent of People with Each Score
Percentile by Number Answered
Your Score History
You have not taken this quiz